00956 2200313 4500001002100000001002100021005001500042020002200057035002400079040001200103082001900115084001900134090001800153090001900171100002300190245008300213245011600296250001100412260003100423260002900454300003600483650002100519700002200540700001400562700002400576850001200600990001500612990001500627YOGYA000000000001022YOGYA00000000000102220140822081940 a978-979-3065-36-6 0010-081400000001062 aYOPDYOG 2[22]a899.2213 a899.2213 Mus R a658.404 Aji P a899.2213 Mus R aMUSTHOFA W. HASYIM aPerencanaan dan evaluasi: Suatu sistem untuk proyek pembangunancAji, Firman B aRomeo Julietc/ William Shakespeare ; Alih bahasa, Manda Milawati A. ; penyadur, Musthofa W. Hasyim, Sholeh UG. aCet.1. aJakartabBumi Aksarac1990 aYogyakartabNavilac2010 axii, 183 hlm.c; 21 cm (3 eks.) aFiksi-Terjemahan aManda Milawati A. aSholeh UG aWilliam Shakespeare aYOPDYOG a93154-P/97 a93156-P/97